Las reglas del método sociológico / (Record no. 58557)

MARC details
000 -LEADER
campo de control de longitud fija 00621nam a2200193 i 4500
001 - NÚMERO DE CONTROL
campo de control 58557
003 - IDENTIFICADOR DE NÚMERO DE CONTROL
campo de control ES-MaACL
005 - FECHA Y HORA DE LA ÚLTIMA TRANSACCIÓN
campo de control 20250830063052.0
007 - CAMPO FIJO DE DESCRIPCIÓN FÍSICA--INFORMACIÓN GENERAL
campo de control de longitud fija t|
008 - DATOS DE LONGITUD FIJA--INFORMACIÓN GENERAL
campo de control de longitud fija 031022s1978 sp ||||1| spa d
100 1# - ENTRADA PRINCIPAL--NOMBRE DE PERSONA
Nombre de persona Durkheim, Émile,
Fechas asociadas al nombre 1858-1917
9 (RLIN) 46302
245 14 - MENCIÓN DEL TÍTULO
Título Las reglas del método sociológico /
Mención de responsabilidad, etc. E. Durkheim ; [versión de L.E. Echevarría Rivera].
260 ## - PUBLICACIÓN, DISTRIBUCIÓN, ETC.
Lugar de publicación, distribución, etc. Madrid :
Nombre del editor, distribuidor, etc. Morata,
Fecha de publicación, distribución, etc. [1978]
300 ## - DESCRIPCIÓN FÍSICA
Extensión 159 p. ;
Dimensiones 21 cm.
650 04 - PUNTO DE ACCESO ADICIONAL DE MATERIA--TÉRMINO DE MATERIA
Término de materia o nombre geográfico como elemento de entrada Sociología-
Subdivisión general Metodología.
9 (RLIN) 17201
700 1# - ENTRADA AGREGADA--NOMBRE PERSONAL
Nombre de persona Echevarría Rivera, Luis Eduardo.
9 (RLIN) 46564
852 ## - LOCALIZACIÓN
Ubicación ES-MaACL
Número de control de estantería A-9094
Sublocalización o colección R.98220
Holdings
Estatus retirado Estado de pérdida Estado de daño No para préstamo Biblioteca de origen Biblioteca actual Ubicación en estantería Fecha de adquisición Fuente de adquisición Total de préstamos Signatura topográfica completa Código de barras Visto por última vez Precio de reemplazo Tipo de ítem Koha
        Biblioteca del Ateneo de Madrid Biblioteca del Ateneo de Madrid Depósito 1 17/01/2008     A-9094 1061438 23/02/2023 23/02/2023 Libro impreso